Vida de Jesús (Record no. 13126)

MARC details
000 -LEADER
campo de control de longitud fija 00423ntaaa2200169 4500
003 - IDENTIFICADOR DE NÚMERO DE CONTROL
campo de control 01
005 - FECHA Y HORA DE LA ÚLTIMA TRANSACCIÓN
campo de control 20251027201837.0
008 - DATOS DE LONGITUD FIJA--INFORMACIÓN GENERAL
campo de control de longitud fija 0714s1973 ag 01
040 ## - FUENTE DE CATALOGACIÓN
Centro catalogador/agencia de origen AR-BaBN
Lengua de catalogación spa
Centro/agencia transcriptor AR-BaBN
Normas de descripción aacr
Centro/agencia modificador RIC
082 ## - NÚMERO DE LA CLASIFICACIÓN DECIMAL DEWEY
Número de clasificación 244.1000 D87
100 ## - ENTRADA PRINCIPAL--NOMBRE DE PERSONA
Nombre de persona Duff, Mildred
9 (RLIN) 9102
245 ## - MENCIÓN DEL TÍTULO
Título Vida de Jesús
250 ## - MENCION DE EDICION
Mención de edición 1 ed.
260 ## - PUBLICACIÓN, DISTRIBUCIÓN, ETC.
Lugar de publicación, distribución, etc. Buenos Aires :
Nombre del editor, distribuidor, etc. Junta Bautista de Publicaciones,
Fecha de publicación, distribución, etc. n.f.
300 ## - DESCRIPCIÓN FÍSICA
Extensión 100 p ;
Dimensiones ilu.
942 ## - ELEMENTOS DE ENTRADA SECUNDARIOS (KOHA)
Tipo de ítem Koha Colección General
Holdings
Estatus retirado Estado de pérdida Estado de daño No para préstamo Biblioteca de origen Biblioteca actual Fecha de adquisición Número de inventario Total de préstamos Signatura topográfica completa Código de barras Visto por última vez Precio de reemplazo Tipo de ítem Koha
        Biblioteca Pluis Biblioteca Pluis 27/10/2025 05083   244.1000 D87 05083 27/10/2025 27/10/2025 Colección General
        Biblioteca Pluis Biblioteca Pluis 27/10/2025 05084     05084 27/10/2025 27/10/2025 Colección General
        Biblioteca Pluis Biblioteca Pluis 27/10/2025 07244     07244 27/10/2025 27/10/2025 Colección General
        Biblioteca Pluis Biblioteca Pluis 27/10/2025 13251     13251 27/10/2025 27/10/2025 Colección General
        Biblioteca Pluis Biblioteca Pluis 27/10/2025 26102     26102 27/10/2025 27/10/2025 Colección General